| 000 | 00543nam a2200205Ia 4500 | ||
|---|---|---|---|
| 005 | 20250923150026.0 | ||
| 008 | 008 250917s9999 xx 000 0 eng d | ||
| 037 | _aTextual | ||
| 040 |
_aDSWL _beng _cDSWL |
||
| 041 |
_aeng _2eng |
||
| 084 |
_aYXx, N99 _qDSWL |
||
| 100 |
_aPatel, Chaya _9841418 |
||
| 245 | 0 |
_aSocial work practice _cEd. by Chaya Patel |
|
| 260 |
_aJaipur _b Rawat Pubs. _c1999 |
||
| 300 | _a372 p. | ||
| 365 |
_aINR _b650.00 |
||
| 925 | _g650.00 | ||
| 942 |
_cTEXL _hYXx, N99 |
||
| 999 |
_c1458658 _d1458658 |
||